Privátne značky = cenoví bojovníci ?
Privátne značky prežívajú svoj boom a odborníci predpokladajú, že ich podiel na európskom trhu sa v roku 2004 medziročne zvýši o 40 percent. Vznik a vývoj privátnych značiek. Základná charakteristika európskeho trhu privátnych značiek. Faktory determinujúce vývoj privátnych značiek na Slovensku. Súč...
Salvato in:
| Autore principale: | |
|---|---|
| Natura: | Capitolo di libro |
| Lingua: | slovacco |
| Soggetti: | |
| Tags: |
Nessun Tag, puoi essere il primo ad aggiungerne!!
|
MARC
| LEADER | 00000naa$a2200000$$$4500 | ||
|---|---|---|---|
| 001 | 0022768 | ||
| 005 | 20231004064955.7 | ||
| 041 | 0 | |a slo | |
| 044 | |a SK | ||
| 245 | 1 | 0 | |a Privátne značky = cenoví bojovníci ? |c Renata Môciková |
| 520 | |a Privátne značky prežívajú svoj boom a odborníci predpokladajú, že ich podiel na európskom trhu sa v roku 2004 medziročne zvýši o 40 percent. Vznik a vývoj privátnych značiek. Základná charakteristika európskeho trhu privátnych značiek. Faktory determinujúce vývoj privátnych značiek na Slovensku. Súčasná privátna značka na Slovensku - cenový bojovník. Privátne značky netreba brať ako hrozbu, ale ako príležitosť. | ||
| 610 | 2 | 0 | |a značky výrobkov |
| 610 | 2 | 0 | |a značky maloobchodné |
| 610 | 2 | 0 | |a siete maloobchodné |
| 610 | 2 | 0 | |a Európa |
| 610 | 2 | 0 | |a Slovensko |
| 100 | 1 | |a Môciková, Renata | |